[Event "Moscow-ch op Superfinal"]
[Site "Ershovo"]
[Date "2024.02.27"]
[Round "7"]
[White "Indzhiev, Aldar"]
[Black "Yakimenko, Alexander A"]
[Result "1-0"]
[WhiteElo "2134"]
[BlackElo "2004"]
[PlyCount "67"]
[EventDate "2024.02.23"]
[EventType "swiss"]
[EventRounds "10"]
[EventCountry "RUS"]
[SourceTitle "CB10_2024"]
[SourceDate "2024.03.06"]
[SourceVersion "1"]
[SourceVersionDate "2024.03.06"]
[SourceQuality "1"]

1. c4 f5 2. g3 Nf6 3. Bg2 e6 4. d3 Bb4+ 5. Nd2 0-0 6. a3 Be7 7. b4 a5 8. Rb1 axb4 9. axb4 e5 10. Ngf3 d6 11. 0-0 Qe8 12. e4 Nc6 13. b5 Nd8 14. c5 Ne6 15. cxd6 Bxd6 16. exf5 Nc5 17. Nh4 Kh8 18. Nc4 Bd7 19. b6 Bc6 20. bxc7 Bxc7 21. Ba3 Bxg2 22. Kxg2 Qc6+ 23. Qf3 e4 24. dxe4 Nfxe4 25. Bxc5 Nxc5 26. Qxc6 bxc6 27. Rfc1 Ra6 28. Rc2 Kg8 29. Ne3 Nd3 30. Nf3 Rd8 31. Ng5 Rb8 32. Rd1 Nb4 33. Rc4 Be5 34. Rxb4 1-0

[Event "Chigorin Memorial 30th"]
[Site "St Petersburg"]
[Date "2023.10.28"]
[Round "8"]
[White "Indzhiev, Aldar"]
[Black "Marinskii, Yurii"]
[Result "1-0"]
[WhiteElo "2151"]
[BlackElo "2030"]
[PlyCount "135"]
[EventDate "2023.10.21"]
[EventType "swiss"]
[EventRounds "9"]
[EventCountry "RUS"]
[SourceTitle "Mega2024 Update 01"]
[Source "Chessbase"]
[SourceDate "2023.11.12"]
[SourceVersion "1"]
[SourceVersionDate "2023.11.12"]
[SourceQuality "1"]

1. d4 d5 2. c4 c6 3. cxd5 cxd5 4. Bf4 Nf6 5. Nc3 Nc6 6. e3 a6 7. Rc1 Bg4 8. Nf3 Bxf3 9. Qxf3 e6 10. Bd3 Bd6 11. 0-0 Bxf4 12. Qxf4 0-0 13. a3 Qb8 14. Qh4 h6 15. Na4 Qd6 16. Nc5 Rab8 17. f4 Nd7 18. b4 Nxc5 19. Rxc5 f5 20. Rfc1 Ne7 21. h3 Rbc8 22. Qh5 Rxc5 23. bxc5 Qd7 24. Rb1 Kh7 25. Qe2 Nc6 26. Rb6 Rf7 27. Qh5 g6 28. Qd1 Qc8 29. Kh2 Kg7 30. Qe1 Rc7 31. g4 Qd8 32. Rb2 Qf6 33. Rg2 Kf7 34. Be2 Nxd4 35. exd4 Qxd4 36. Qb4 Qxc5 37. gxf5 exf5 38. Bf3 Qxb4 39. Bxd5+ Kf6 40. axb4 a5 41. bxa5 Rc5 42. Bxb7 Rxa5 43. Rb2 g5 44. Rb6+ Kg7 45. Rb4 Ra2+ 46. Kg3 Ra3+ 47. Bf3 Kf6 48. Kf2 Ra2+ 49. Be2 Kg6 50. Ke3 Ra3+ 51. Bd3 Kh5 52. Ke2 Ra2+ 53. Kf3 Ra3 54. Rd4 Rb3 55. Kg3 Ra3 56. Rd5 Rb3 57. Kf2 Rb2+ 58. Ke3 Rb3 59. Rxf5 Kh4 60. Rf6 h5 61. f5 Kxh3 62. Rg6 g4 63. f6 Rb7 64. Be4 Rb3+ 65. Kf4 Rb2 66. Bf5 Rb4+ 67. Kg5 h4 68. f7 1-0

[Event "Dzhubga Rapid op"]
[Site "Dzhubga"]
[Date "2023.08.11"]
[Round "7"]
[White "Indzhiev, Aldar"]
[Black "Sokolov, Vladimir1111"]
[Result "1-0"]
[WhiteElo "2104"]
[BlackElo "1909"]
[PlyCount "51"]
[EventDate "2023.08.10"]
[EventType "swiss (rapid)"]
[EventRounds "11"]
[EventCountry "RUS"]
[SourceTitle "CBM 215 Extra"]
[Source "ChessBase"]
[SourceDate "2023.09.30"]
[SourceVersion "1"]
[SourceVersionDate "2023.09.30"]
[SourceQuality "1"]

1. d4 d5 2. c4 c6 3. cxd5 cxd5 4. Bf4 Nc6 5. e3 Nf6 6. Nc3 a6 7. Rc1 Bf5 8. Nf3 Rc8 9. Ne5 e6 10. Qb3 Nxe5 11. Bxe5 b5 12. a4 b4 13. Bxa6 bxc3 14. Bxc8 Qxc8 15. Rxc3 Qd8 16. Qb5+ Nd7 17. 0-0 f6 18. Rfc1 fxe5 19. Rc8 Be7 20. R1c7 Qxc8 21. Rxc8+ Bd8 22. a5 exd4 23. exd4 e5 24. Qxd5 Ke7 25. dxe5 Be6 26. Qd1 1-0

[Event "Dzhubga op"]
[Site "Dzhubga"]
[Date "2023.08.07"]
[Round "7"]
[White "Indzhiev, Aldar"]
[Black "Demidov, Mikhail"]
[Result "1/2-1/2"]
[WhiteElo "2104"]
[BlackElo "2566"]
[PlyCount "120"]
[EventDate "2023.08.01"]
[EventType "swiss"]
[EventRounds "9"]
[EventCountry "RUS"]
[SourceTitle "EXT 2024"]
[Source "ChessBase"]
[SourceDate "2023.10.10"]
[SourceVersion "1"]
[SourceVersionDate "2023.10.10"]
[SourceQuality "1"]

1. d4 Nc6 2. Nf3 d6 3. e4 Nf6 4. Nc3 g6 5. d5 Nb8 6. Be3 Bg4 7. h3 Bxf3 8. Qxf3 Bg7 9. g4 c6 10. 0-0-0 Nfd7 11. Bd4 Bxd4 12. Rxd4 a6 13. Rd1 b5 14. Qg3 Qa5 15. Kb1 b4 16. Ne2 c5 17. Nc1 Qc7 18. f4 c4 19. h4 c3 20. Qe3 cxb2 21. Nd3 Nb6 22. Nxb2 N8d7 23. Qd4 Qc3 24. Rh3 Qxd4 25. Rxd4 a5 26. Bb5 0-0 27. c3 bxc3 28. Rxc3 Rfc8 29. Rc6 Rxc6 30. dxc6 Nc5 31. f5 Rb8 32. a4 Nc8 33. e5 f6 34. exf6 exf6 35. Ka2 Kf7 36. Nc4 Ke7 37. Nxa5 Na7 38. Nc4 Kd8 39. fxg6 hxg6 40. Rxd6+ Kc7 41. Rxf6 Nxb5 42. axb5 Rxb5 43. Rxg6 Rb4 44. Ne3 Rd4 45. Kb2 Rd3 46. Nf5 Rh3 47. h5 Nd3+ 48. Kc2 Ne5 49. Rg7+ Kxc6 50. h6 Kd5 51. g5 Ke6 52. Ne7 Rh2+ 53. Kb3 Rh3+ 54. Ka4 Nf7 55. Ng8 Rh5 56. h7 Nxg5 57. Rg6+ Kf7 58. Rh6 Rxh6 59. Nxh6+ Kg7 60. Nf7 Nxf7 1/2-1/2

[Event "Dzhubga op"]
[Site "Dzhubga"]
[Date "2023.08.03"]
[Round "3"]
[White "Indzhiev, Aldar"]
[Black "Saidov, Bilukhadzh"]
[Result "1/2-1/2"]
[WhiteElo "2104"]
[BlackElo "2309"]
[PlyCount "108"]
[EventDate "2023.08.01"]
[EventType "swiss"]
[EventRounds "9"]
[EventCountry "RUS"]
[SourceTitle "CBM 215 Extra"]
[Source "ChessBase"]
[SourceDate "2023.09.30"]
[SourceVersion "1"]
[SourceVersionDate "2023.09.30"]
[SourceQuality "1"]

1. e4 c5 2. Nf3 e6 3. d4 cxd4 4. Nxd4 Nf6 5. Nc3 d6 6. g4 Be7 7. g5 Nfd7 8. Be3 a6 9. Qd2 Qc7 10. 0-0-0 Ne5 11. f4 Nc4 12. Bxc4 Qxc4 13. h4 b5 14. a3 Bb7 15. h5 Nd7 16. g6 hxg6 17. hxg6 Rxh1 18. Rxh1 Nf6 19. f5 exf5 20. b3 Qc7 21. Nxf5 fxg6 22. Nxe7 Qxe7 23. Bg5 Rc8 24. Nd5 Qxe4 25. Nxf6+ gxf6 26. Rh2 Qe5 27. Re2 Be4 28. Bxf6 Qxf6 29. Rxe4+ Kd7 30. Qe3 Qa1+ 31. Kd2 Rc5 32. Rd4 Qf1 33. Qg3 Qf6 34. Qh3+ Kc7 35. Qe3 Qe5 36. Qxe5 Rxe5 37. Rh4 Re7 38. Rg4 Rg7 39. Rg5 Kd7 40. a4 bxa4 41. bxa4 Kc6 42. Kd3 Rg8 43. c3 Kd7 44. Ra5 g5 45. Ke3 g4 46. Kf2 Rc8 47. Kg3 Rc6 48. Kxg4 Ke6 49. Kf4 d5 50. Ke3 Rxc3+ 51. Kd4 Rc4+ 52. Kd3 Rc6 53. Kd4 Rb6 54. Rxd5 Rb4+ 1/2-1/2

[Event "RUS-ch Blitz"]
[Site "Sochi"]
[Date "2021.10.11"]
[Round "6"]
[White "Indzhiev, Aldar"]
[Black "Moiseenko, Vadim"]
[Result "0-1"]
[WhiteElo "2101"]
[BlackElo "2542"]
[PlyCount "60"]
[EventDate "2021.10.11"]
[EventType "swiss (blitz)"]
[EventRounds "13"]
[EventCountry "RUS"]
[SourceTitle "CBM 204 Extra"]
[Source "ChessBase"]
[SourceDate "2021.11.30"]
[SourceVersion "1"]
[SourceVersionDate "2021.11.30"]
[SourceQuality "1"]

1. d4 d6 2. e4 Nf6 3. Nc3 e5 4. Nf3 Nbd7 5. Bc4 Be7 6. 0-0 c6 7. Re1 h6 8. Bf1 Qc7 9. a4 a5 10. h3 Nf8 11. Be3 g5 12. Nh2 Ng6 13. dxe5 dxe5 14. Bc4 Nf4 15. Bxf4 gxf4 16. Kh1 Bc5 17. Qf3 h5 18. Bb3 Bg4 19. Qd3 Bxf2 20. Rf1 Rd8 21. Qc4 Bb6 22. Nf3 Rg8 23. Nxe5 Be6 24. Qe2 Qxe5 25. Rad1 Ke7 26. Bxe6 fxe6 27. Qf3 Rxd1 28. Rxd1 Rg3 29. Qf1 f3 30. gxf3 Rg1+ 0-1

[Event "RUS-ch Blitz"]
[Site "Sochi"]
[Date "2021.10.11"]
[Round "5"]
[White "Nozdrachev, Vladislav"]
[Black "Indzhiev, Aldar"]
[Result "1/2-1/2"]
[WhiteElo "2495"]
[BlackElo "2101"]
[PlyCount "66"]
[EventDate "2021.10.11"]
[EventType "swiss (blitz)"]
[EventRounds "13"]
[EventCountry "RUS"]
[SourceTitle "CBM 204 Extra"]
[Source "ChessBase"]
[SourceDate "2021.11.30"]
[SourceVersion "1"]
[SourceVersionDate "2021.11.30"]
[SourceQuality "1"]

1. e4 c6 2. d4 d5 3. e5 Bf5 4. Nf3 e6 5. Be2 Ne7 6. 0-0 Nd7 7. h3 h6 8. a4 Bh7 9. a5 a6 10. c4 dxc4 11. Nbd2 Nd5 12. Nxc4 Be7 13. Bd3 Bxd3 14. Qxd3 0-0 15. Qe4 c5 16. Rd1 cxd4 17. Nxd4 Qc7 18. Nf5 exf5 19. Qxd5 Rfd8 20. Bf4 Nf6 21. exf6 Qxf4 22. fxe7 Rxd5 23. Rxd5 Qc7 24. Nb6 Re8 25. Rd7 Qe5 26. Nd5 Kh7 27. Rd1 Qe2 28. Nc3 Qxb2 29. Nd5 Qe2 30. Nf4 Qe4 31. Nd5 Qe2 32. Nf4 Qe4 33. Nd5 Qe2 1/2-1/2

[Event "Moscow op-A 17th"]
[Site "Moscow"]
[Date "2021.02.26"]
[Round "7"]
[White "Galkin, Leonid1111"]
[Black "Indzhiev, Aldar"]
[Result "1-0"]
[WhiteElo "1914"]
[BlackElo "2109"]
[PlyCount "71"]
[EventDate "2021.02.20"]
[EventType "swiss"]
[EventRounds "9"]
[EventCountry "RUS"]
[SourceTitle "CBM 200 Extra"]
[Source "ChessBase"]
[SourceDate "2021.03.31"]
[SourceVersion "1"]
[SourceVersionDate "2021.03.31"]
[SourceQuality "1"]

1. e4 c5 2. Nc3 Nc6 3. Bb5 g6 4. Bxc6 dxc6 5. d3 Bg7 6. Be3 b6 7. Qd2 e5 8. f4 Nf6 9. fxe5 Ng4 10. Bf4 Nxe5 11. 0-0-0 h6 12. Nf3 Nxf3 13. gxf3 Be6 14. Kb1 b5 15. Ne2 Qf6 16. c3 0-0 17. Bxh6 Qxf3 18. Bxg7 Kxg7 19. Nf4 Rad8 20. Rhg1 Bc4 21. Rg3 Bxd3+ 22. Nxd3 Qxe4 23. Qe3 Qf5 24. Qf3 Qe6 25. Rdg1 c4 26. Nf4 Qf5+ 27. Ka1 Rh8 28. Rg5 Qc2 29. Nh5+ Kf8 30. Rf1 Rd7 31. Nf6 Rd2 32. Rb1 Rhxh2 33. Re5 Rdf2 34. Re8+ Kg7 35. Rg8+ Kh6 36. Qe3+ 1-0

[Event "Moscow op-A 17th"]
[Site "Moscow"]
[Date "2021.02.24"]
[Round "5"]
[White "Gubajdullin, Alexey"]
[Black "Indzhiev, Aldar"]
[Result "1-0"]
[WhiteElo "2347"]
[BlackElo "2109"]
[PlyCount "91"]
[EventDate "2021.02.20"]
[EventType "swiss"]
[EventRounds "9"]
[EventCountry "RUS"]
[SourceTitle "CBM 200 Extra"]
[Source "ChessBase"]
[SourceDate "2021.03.31"]
[SourceVersion "1"]
[SourceVersionDate "2021.03.31"]
[SourceQuality "1"]

1. d4 Nf6 2. Bf4 b6 3. e3 Bb7 4. Nf3 g6 5. Be2 Bg7 6. 0-0 0-0 7. a4 a6 8. h3 d6 9. a5 b5 10. c4 bxc4 11. Bxc4 Nbd7 12. Nc3 c5 13. d5 Qc7 14. Re1 Rfb8 15. Qd3 Bc8 16. b3 Ne8 17. e4 Ne5 18. Nxe5 Bxe5 19. Bd2 Bd7 20. Ra2 Bxc3 21. Bxc3 Bb5 22. Rae2 Bxc4 23. bxc4 Rb3 24. Qc2 Rb7 25. f4 e5 26. dxe6 fxe6 27. Rd1 Rd8 28. Red2 Qf7 29. Rf2 Ng7 30. Rf3 Rdd7 31. Qa4 d5 32. cxd5 exd5 33. exd5 Rxd5 34. Re1 Rd6 35. Rfe3 Re6 36. Rxe6 Nxe6 37. Qc6 Re7 38. Qxa6 Nxf4 39. Qc8+ Qf8 40. Qxf8+ Kxf8 41. Rxe7 Kxe7 42. a6 Nd5 43. Ba5 c4 44. a7 c3 45. a8Q c2 46. Bd2 1-0

[Event "Moscow op-A 17th"]
[Site "Moscow"]
[Date "2021.02.21"]
[Round "2"]
[White "Indzhiev, Aldar"]
[Black "Korchmar, Vasiliy"]
[Result "1-0"]
[WhiteElo "2109"]
[BlackElo "2451"]
[PlyCount "119"]
[EventDate "2021.02.20"]
[EventType "swiss"]
[EventRounds "9"]
[EventCountry "RUS"]
[SourceTitle "CBM 200 Extra"]
[Source "ChessBase"]
[SourceDate "2021.03.31"]
[SourceVersion "1"]
[SourceVersionDate "2021.03.31"]
[SourceQuality "1"]

1. d4 Nf6 2. c4 e6 3. Nf3 d5 4. Nc3 Bb4 5. cxd5 exd5 6. Bg5 h6 7. Bh4 0-0 8. e3 Bf5 9. Ne5 g5 10. Bg3 Ne4 11. Qb3 c5 12. f3 Nxc3 13. bxc3 Ba5 14. Kf2 f6 15. Ng4 Kg7 16. h4 h5 17. Qxb7+ Nd7 18. Qxd5 Bg6 19. Bb5 Bxc3 20. Rac1 Bb2 21. Qxd7+ Qxd7 22. Bxd7 Bxc1 23. Rxc1 hxg4 24. dxc5 gxh4 25. Bxh4 gxf3 26. gxf3 Be8 27. Be6 Bc6 28. Rg1+ Kh8 29. Bg3 Rfe8 30. Bf5 Re7 31. Bd6 Rb7 32. e4 a5 33. Ke3 Re8 34. Kf4 Rb2 35. Bg6 Rxa2 36. Bxe8 Bxe8 37. Be7 a4 38. Bxf6+ Kh7 39. Rg7+ Kh6 40. Re7 Bh5 41. Bg5+ Kg6 42. Re6+ Kf7 43. Rf6+ Kg7 44. Ke5 Rc2 45. Be3 a3 46. Ra6 a2 47. Bd4 Bf7 48. f4 Rd2 49. f5 Re2 50. Ra7 Rc2 51. Kf4+ Kf8 52. e5 Rd2 53. Ke3 Rh2 54. e6 Bh5 55. Be5 Re2+ 56. Kf4 Rc2 57. f6 Rc4+ 58. Ke3 Bg6 59. Ra8+ Be8 60. f7 1-0

[Event "Chigorin Memorial 27th"]
[Site "St Petersburg"]
[Date "2019.10.08"]
[Round "4"]
[White "Indzhiev, Aldar"]
[Black "Kuzmin, Roman"]
[Result "0-1"]
[WhiteElo "2180"]
[BlackElo "2013"]
[PlyCount "90"]
[EventDate "2019.10.05"]
[EventType "swiss"]
[EventRounds "9"]
[EventCountry "RUS"]
[SourceTitle "EXT 2020"]
[Source "ChessBase"]
[SourceDate "2019.10.17"]
[SourceVersion "1"]
[SourceVersionDate "2019.10.17"]
[SourceQuality "1"]

1. c4 e5 2. Nc3 Nf6 3. Nf3 Nc6 4. e4 g6 5. d3 Bg7 6. Be2 d6 7. h3 h6 8. g4 Be6 9. a3 a5 10. Bd2 Nd7 11. Nd5 a4 12. Be3 Nd4 13. Nxd4 exd4 14. Bd2 Bxd5 15. cxd5 c5 16. h4 b5 17. f4 Qe7 18. Kf2 f5 19. exf5 gxf5 20. g5 Nb6 21. Bh5+ Kd7 22. Re1 Qf8 23. Qe2 hxg5 24. hxg5 Rxh5 25. Qxh5 Nxd5 26. Qg6 Ne3 27. Bxe3 dxe3+ 28. Kxe3 Bxb2 29. Rab1 Bc3 30. Rh1 Qe8+ 31. Qxe8+ Rxe8+ 32. Kf3 b4 33. d4 cxd4 34. axb4 a3 35. Rh7+ Re7 36. g6 d3 37. Rxe7+ Kxe7 38. Rg1 d2 39. g7 d1Q+ 40. Rxd1 Bxg7 41. b5 a2 42. b6 Kd7 43. b7 Kc7 44. Rxd6 a1Q 45. Rb6 Qf1+ 0-1

[Event "Chigorin Memorial 27th"]
[Site "St Petersburg"]
[Date "2019.10.07"]
[Round "3"]
[White "Triapishko, Alexandr"]
[Black "Indzhiev, Aldar"]
[Result "1-0"]
[WhiteElo "2514"]
[BlackElo "2180"]
[PlyCount "89"]
[EventDate "2019.10.05"]
[EventType "swiss"]
[EventRounds "9"]
[EventCountry "RUS"]
[SourceTitle "EXT 2020"]
[Source "ChessBase"]
[SourceDate "2019.10.17"]
[SourceVersion "1"]
[SourceVersionDate "2019.10.17"]
[SourceQuality "1"]

1. Nf3 d5 2. g3 c6 3. Bg2 Bg4 4. c4 e6 5. d4 Nd7 6. 0-0 Be7 7. b3 h5 8. Ba3 Ngf6 9. h3 Bf5 10. Qc1 Ne4 11. Nbd2 Bf6 12. Rd1 g5 13. Nxe4 Bxe4 14. Ne1 Bxg2 15. Nxg2 Be7 16. cxd5 cxd5 17. Bxe7 Qxe7 18. Qc7 Nb6 19. Rac1 Rd8 20. Ne1 f6 21. Nd3 Rh7 22. Qc2 Rc8 23. Nc5 Nd7 24. Qg6+ Qf7 25. Qxf7+ Rxf7 26. Nxb7 Rxc1 27. Rxc1 Re7 28. Nd6+ Kf8 29. Nc8 Re8 30. Nxa7 e5 31. Rc7 Ke7 32. Nb5 Rb8 33. a4 Ke6 34. Rc6+ Ke7 35. e3 exd4 36. exd4 Nf8 37. Rc7+ Ke6 38. Kg2 Ng6 39. Rc6+ Kf7 40. Rc5 Ne7 41. a5 g4 42. a6 Nf5 43. a7 Re8 44. Rxd5 Kg6 45. Rxf5 1-0

[Event "Chigorin Memorial 27th"]
[Site "St Petersburg"]
[Date "2019.10.06"]
[Round "2"]
[White "Indzhiev, Aldar"]
[Black "Gagare, Shardul"]
[Result "1/2-1/2"]
[WhiteElo "2180"]
[BlackElo "2474"]
[PlyCount "117"]
[EventDate "2019.10.05"]
[EventType "swiss"]
[EventRounds "9"]
[EventCountry "RUS"]
[SourceTitle "EXT 2020"]
[Source "ChessBase"]
[SourceDate "2019.10.17"]
[SourceVersion "1"]
[SourceVersionDate "2019.10.17"]
[SourceQuality "1"]

1. d4 d6 2. e4 Nf6 3. Bd3 e5 4. c3 d5 5. dxe5 Nxe4 6. Nf3 Nc6 7. Nbd2 Nc5 8. Nb3 Nxd3+ 9. Qxd3 Be7 10. Bf4 0-0 11. Rd1 Be6 12. Nbd4 Nxd4 13. Nxd4 Qd7 14. Qg3 Rfe8 15. 0-0 c5 16. Ne2 Qa4 17. Bg5 Bxg5 18. Qxg5 h6 19. Qg3 Qg4 20. Nf4 Qxg3 21. hxg3 Rad8 22. Rfe1 Rd7 23. f3 Red8 24. Kf2 d4 25. cxd4 Rxd4 26. Rxd4 Rxd4 27. a3 g5 28. Nxe6 fxe6 29. Ke3 Kf7 30. g4 Rd5 31. Kf2 b5 32. g3 Rd2+ 33. Re2 Rxe2+ 34. Kxe2 Kg6 35. Kd3 h5 36. gxh5+ Kxh5 37. b3 Kg6 38. Ke4 Kf7 39. Kd3 Kg6 40. Ke4 a6 41. a4 Kf7 42. Kd3 Ke7 43. axb5 axb5 44. Ke3 Ke8 45. Kd3 Kd7 46. Ke3 Ke7 47. Kd3 Kf7 48. Ke3 Kg6 49. Ke4 Kg7 50. Ke3 Kf8 51. Kd3 Ke8 52. Ke3 Kd7 53. Kd3 Kc6 54. Ke4 c4 55. bxc4 bxc4 56. Kd4 Kb5 57. f4 gxf4 58. gxf4 Kb4 59. f5 1/2-1/2

[Event "Grozny Kadyrov Memorial rapid"]
[Site "Grozny"]
[Date "2019.06.10"]
[Round "7"]
[White "Indzhiev, Aldar"]
[Black "Nazaretyan, Tigran"]
[Result "0-1"]
[WhiteElo "2180"]
[BlackElo "2297"]
[PlyCount "132"]
[EventDate "2019.06.09"]
[EventType "swiss (rapid)"]
[EventRounds "11"]
[EventCountry "RUS"]
[SourceTitle "CBM 190 Extra"]
[Source "ChessBase"]
[SourceDate "2019.07.15"]
[SourceVersion "1"]
[SourceVersionDate "2019.07.15"]
[SourceQuality "1"]

1. d4 Nf6 2. c4 d6 3. g3 e5 4. dxe5 dxe5 5. Qxd8+ Kxd8 6. Nf3 Nbd7 7. Bd2 Ne4 8. Ng5 Nxd2 9. Nxd2 Ke8 10. Bh3 Be7 11. Ngf3 f6 12. e3 b6 13. Ke2 Bb7 14. Rhd1 a5 15. Ne4 Bxe4 16. Rxd7 Rd8 17. Rad1 Bc6 18. Rxd8+ Bxd8 19. Nh4 g6 20. Bg2 Bd7 21. Nf3 Be7 22. Nd2 h5 23. Ne4 h4 24. Nc3 hxg3 25. hxg3 Rh2 26. Kf1 f5 27. Nd5 Bd8 28. Kg1 Rh7 29. a3 Be6 30. e4 c6 31. exf5 gxf5 32. Ne3 Bd7 33. Rd6 Be7 34. Rd1 Bc5 35. Kf1 a4 36. Ke2 f4 37. gxf4 exf4 38. Nc2 Bg4+ 39. f3 Be6 40. Rh1 Bxc4+ 41. Kd2 Rxh1 42. Bxh1 Ke7 43. Bg2 Kf6 44. Bh3 Bd5 45. Bg4 Kg5 46. Ne1 Bd4 47. Nd3 c5 48. Kc2 Bb3+ 49. Kb1 Bf7 50. Bd7 Bg6 51. Bb5 Kh4 52. Kc1 Kg3 53. Ne1 Kf2 54. Kd1 Bxb2 55. Bxa4 Bxa3 56. Bc6 c4 57. Nc2 Bc5 58. Bd5 Bd3 59. Kd2 b5 60. Kc3 Be2 61. Bc6 b4+ 62. Nxb4 Bxb4+ 63. Kxb4 Bxf3 64. Bd7 Be2 65. Kc3 Ke3 66. Bc6 f3 0-1

[Event "Moscow op-F 15th"]
[Site "Moscow"]
[Date "2019.01.31"]
[Round "7"]
[White "Jaiswal, Rupesh"]
[Black "Indzhiev, Aldar"]
[Result "1-0"]
[WhiteElo "2141"]
[BlackElo "2218"]
[PlyCount "141"]
[EventDate "2019.01.25"]
[EventType "swiss"]
[EventRounds "9"]
[EventCountry "RUS"]
[SourceTitle "CBM 188 Extra"]
[Source "ChessBase"]
[SourceDate "2019.02.26"]
[SourceVersion "1"]
[SourceVersionDate "2019.02.26"]
[SourceQuality "1"]

1. d4 Nf6 2. Nf3 e6 3. Bf4 b6 4. e3 Bb7 5. Bd3 Be7 6. h3 Ne4 7. Nbd2 f5 8. Bxe4 fxe4 9. Ng5 Bxg5 10. Qh5+ g6 11. Qxg5 Qxg5 12. Bxg5 0-0 13. h4 Kg7 14. Bf4 d6 15. h5 gxh5 16. Rxh5 Rf5 17. Rh4 Nd7 18. 0-0-0 h5 19. f3 Nf6 20. g4 Rxf4 21. exf4 e3 22. Ne4 Nxe4 23. fxe4 hxg4 24. Rxg4+ Kf6 25. f5 exf5 26. Rf1 e2 27. Rxf5+ Ke6 28. Rg6+ Kd7 29. Rg7+ Ke6 30. Kd2 Bxe4 31. Rff7 Kd5 32. c3 Rh8 33. Kxe2 c5 34. Rg5+ Kc4 35. dxc5 bxc5 36. Rxa7 Rh2+ 37. Ke3 Bb1 38. Rg4+ Kd5 39. Rb7 Bxa2 40. Rb6 Rh3+ 41. Kf4 Rh6 42. Rg1 Rf6+ 43. Kg5 Rf2 44. Ra1 Bc4 45. Rd1+ Ke5 46. Rdxd6 Rg2+ 47. Kh4 Bb3 48. Rg6 Rxb2 49. Rg5+ Kf4 50. Rf6+ Ke4 51. Rxc5 Rg2 52. Rd6 Bc2 53. Rg5 Rf2 54. Rd4+ Ke3 55. Re5+ Kf3 56. Kg5 Rg2+ 57. Kf6 Rg6+ 58. Ke7 Rc6 59. c4 Ba4 60. c5 Bb5 61. Rd6 Rc8 62. Rd8 Rc6 63. Rf8+ Kg4 64. Rf6 Rc8 65. Rb6 Kf4 66. Rxb5 Kxe5 67. c6+ Kd4 68. Kd7 Rh8 69. c7 Kc4 70. Re5 Kd4 71. Re8 1-0

[Event "Elista Spring Rating"]
[Site "Elista"]
[Date "2015.11.03"]
[Round "4"]
[White "Indzhiev, Aldar"]
[Black "Pataev, Adyan"]
[Result "0-1"]
[WhiteElo "1721"]
[BlackElo "1912"]
[PlyCount "114"]
[EventDate "2014.03.26"]
[EventType "swiss"]
[EventRounds "9"]
[EventCountry "RUS"]
[SourceTitle "EXT 2022"]
[Source "ChessBase"]
[SourceDate "2021.10.06"]
[SourceVersion "1"]
[SourceVersionDate "2021.10.06"]
[SourceQuality "1"]

1. c4 e6 2. g3 d5 3. cxd5 exd5 4. Bg2 Nf6 5. d4 c6 6. Nc3 Bd6 7. Nf3 Nbd7 8. 0-0 0-0 9. Re1 Re8 10. a3 Qe7 11. Nd2 Nb6 12. e4 dxe4 13. Ndxe4 Nxe4 14. Rxe4 Qf8 15. Rxe8 Qxe8 16. Ne4 Bf8 17. Bf4 Nd5 18. Nd6 Qd8 19. Bxd5 Bxd6 20. Bxd6 Qxd6 21. Ba2 Be6 22. Bxe6 Qxe6 23. d5 cxd5 24. Rc1 Qd7 25. Qd4 b6 26. Re1 Rd8 27. Re5 Qc6 28. Re7 a6 29. Ra7 b5 30. Qf4 Qe6 31. Qe3 Qd6 32. Qe7 Qxe7 33. Rxe7 g6 34. Kf1 Kg7 35. Ke2 Rd6 36. Kd3 Kf6 37. Re8 Rc6 38. f4 h5 39. Re5 Rc1 40. Kd4 Rc2 41. b4 Rxh2 42. Kc5 Rh3 43. Rxd5 Rxg3 44. Rd6+ Kf5 45. Rxa6 h4 46. Ra7 f6 47. Kxb5 h3 48. a4 Kxf4 49. a5 h2 50. Rh7 Rg5+ 51. Kb6 Rh5 52. Rxh5 gxh5 53. a6 h1Q 54. b5 Qa8 55. a7 Ke5 56. Ka6 Kd6 57. b6 Kc6 0-1